Statistiques concernant Tous les personnages de Dragon Ball Z : Budokai 2

Cliquez ici pour prendre le quiz!

Statistiques générales

  • Ce quiz a été pris 27 fois
  • Le résultat moyen est 19 sur 29

Statistiques - réponses

Réponse% Correct
Cell
100%
Son Goku
100%
Freezer
96%
Son Gohan
96%
Vegeta
96%
Son Goten
93%
Krilin
89%
Piccolo
89%
Trunks
89%
Majin Buu
85%
Super Buu
85%
Tenshinhan
85%
C16
81%
C17
81%
C18
81%
Yamcha
81%
Nappa
78%
Raditz
78%
Ginyu
74%
C20
63%
Videl
48%
Dabra
37%
Hercule
33%
KaioShin
19%
Buu enfant
15%
Trunks enfant
11%
Reecome
7%
Son Gohan Jeune
7%
Great Saiyaman
0%

Distribution des résultats

Percentile par nombre de réponses

% des personnes avec chaque résultat

Votre développement - résultats

Vous n’avez pas pris ce quiz